000 00382nam a2200157Ia 4500
008 230917s9999||||xx |||||||||||||| ||und||
040 _e94919
_aMAIN
041 _aEnglish
082 _a410.3 L647L
100 _aMalmkjaer, Kirsten, ed.
245 0 _aLinguistics encyclopedia
250 _a2nd ed.
260 _aLondon
_bRoutledge
_c2002
300 _axli, 643 p.
942 _cBK
999 _c112854
_d112854